000 00680nam a2200217 4500
999 _c6971
_d6971
008 020610s1982 us engMA
020 _a9710800272.
245 1 0 _aPhilippine literature :
_ba history and anthology /
_cedited by Bienvenido Lumbera and Cynthia Nograles Lumbera.
260 _aManila :
_bNBS,
_cc1982.
300 _a431 p. ;
_c26 cm.
336 _atext
337 _aunmediated
338 _avolume
650 4 _aPhilippine literature (English).
650 4 _aPhilippine literature
_xCollection.
650 4 _aPhilippine literature
_xHistory.
700 1 _aLumbera, Bienvenido
700 1 _aLumbera, Cynthia Nograles.
942 _2lcc
_cBK